00755nam a2200157Ia 4500008004100000082002200041100002700063245014200090260002100232300001100253440006000264500008000324650008000404952009600484999001700580120622s9999 xx 000 0 und d a086.1 M294u v.355 aSchattschneider, E. E. aEl pueblo semisoberano : la democracia norteamericana vista por un hombre práctico / por E. E. Schattschneider ; tr. por Rafael Mireles aMéxico : UTEHA a194 p. aManuales UTEHA ; no. 355. Seción 14 Ciencias sociales aTítulo original: The semisovereign people \ Incluye índice alfabético a1. DEMOCRACIA - ESTADOS UNIDOS \ 2. ESTADOS UNIDOS - POLITICA Y GOBIERNOÌ 00104070a01b01d2007-01-25l0o086.1 M294U V.355p01 004210r2012-06-24w2012-06-24yLB c59721d59721